Wachia, Taykong en Amir, of het Nederlandsch-Indisch leger in 1850. (Record no. 37312)

MARC details
000 -LEADER
fixed length control field 00470cam a22001697 4500
001 - CONTROL NUMBER
control field ltf90000128
003 - CONTROL NUMBER IDENTIFIER
control field DLC
005 - DATE AND TIME OF LATEST TRANSACTION
control field 20260227111549.0
008 - FIXED-LENGTH DATA ELEMENTS--GENERAL INFORMATION
fixed length control field 900201s1859 ne 000 0 dut
010 ## - LIBRARY OF CONGRESS CONTROL NUMBER
LC control number ltf90000128
040 ## - CATALOGING SOURCE
Original cataloging agency DLC
Transcribing agency DLC
050 00 - LIBRARY OF CONGRESS CALL NUMBER
Classification number 4UA 10
100 1# - MAIN ENTRY--PERSONAL NAME
Personal name Rees, W. A. van
Fuller form of name (Willem Adriaan),
Dates associated with a name 1820-1898.
245 10 - TITLE STATEMENT
Title Wachia, Taykong en Amir, of het Nederlandsch-Indisch leger in 1850.
260 ## - PUBLICATION, DISTRIBUTION, ETC.
Place of publication, distribution, etc. Rotterdam,
Name of publisher, distributor, etc. H. Nijgh,
Date of publication, distribution, etc. 1859.
300 ## - PHYSICAL DESCRIPTION
Extent 220 p.

No items available.

Powered by Koha